Click Islands on the World Map - Statistics

General Stats
  • This quiz has been taken 150 times
  • The average score is 27 of 30
Answers on the Map
Answers color-coded by a green-red scale on the quiz's map according to % correct below.
 
Answer Stats
Answer % Correct
Great Britain
100%
Iceland
100%
Madagascar
99%
Greenland
98%
Ireland
98%
Jamaica
97%
Sicily
97%
Sri Lanka
97%
Cuba
96%
Mauritius
96%
Taiwan
96%
New Guinea
95%
South Island
95%
Tasmania
94%
Hispaniola
92%
Nauru
92%
Honshu
91%
North Island
91%
Newfoundland
88%
Sumatra
88%
Borneo
86%
Java
84%
Victoria Island
83%
Luzon
82%
Mindanao
82%
Sakhalin
79%
Baffin Island
78%
Hokkaido
78%
Sulawesi
78%
Hainan
76%
No matching quizzes found
Score Distribution
Percent of People with Each Score
Percentile by Number Answered
Your Score History
You have not taken this quiz